Common Rail Fuel Injection Technology in Diesel Engines (Record no. 591251)
[ view plain ]
| 000 -LEADER | |
|---|---|
| fixed length control field | 00465nam a22001457a 4500 |
| 020 ## - INTERNATIONAL STANDARD BOOK NUMBER | |
| International Standard Book Number | 9781119107231 |
| 040 ## - CATALOGING SOURCE | |
| Transcribing agency | NUST |
| 082 ## - DEWEY DECIMAL CLASSIFICATION NUMBER | |
| Classification number | 621.4361 OUY |
| 100 ## - MAIN ENTRY--PERSONAL NAME | |
| Personal name | Ouyang, Guangyao |
| 9 (RLIN) | 98292 |
| 110 ## - MAIN ENTRY--CORPORATE NAME | |
| Corporate name or jurisdiction name as entry element | An, Shijie Li, Yuxue Liu, Zhenming |
| 9 (RLIN) | 98293 |
| 245 ## - TITLE STATEMENT | |
| Title | Common Rail Fuel Injection Technology in Diesel Engines |
| 260 ## - PUBLICATION, DISTRIBUTION, ETC. | |
| Place of publication, distribution, etc. | Hoboken: |
| Name of publisher, distributor, etc. | WILEY, |
| Date of publication, distribution, etc. | 2019. |
| 650 ## - SUBJECT ADDED ENTRY--TOPICAL TERM | |
| Topical term or geographic name entry element | Common Rail Fuel Injection Technology in Diesel Engines.NUSTTB2022 |
| 9 (RLIN) | 102801 |
| 942 ## - ADDED ENTRY ELEMENTS (KOHA) | |
| Source of classification or shelving scheme | |
| Koha item type | Book |
| Withdrawn status | Lost status | Source of classification or shelving scheme | Damaged status | Not for loan | Permanent Location | Current Location | Shelving location | Date acquired | Total Checkouts | Full call number | Barcode | Date last seen | Price effective from | Koha item type |
|---|---|---|---|---|---|---|---|---|---|---|---|---|---|---|
| College of Electrical & Mechanical Engineering (CEME) | College of Electrical & Mechanical Engineering (CEME) | General Stacks | 08/22/2022 | 621.4361 OUY | CEME-50834 | 08/22/2022 | 08/22/2022 | Book | ||||||
| College of Electrical & Mechanical Engineering (CEME) | College of Electrical & Mechanical Engineering (CEME) | General Stacks | 10/11/2022 | 280 SCB | CEME-50834-A | 10/11/2022 | 10/11/2022 | Book |
